[Event "34th Voivoda Cup 2018"]
[Site "Legnica"]
[Date "2018.11.28"]
[Round "9"]
[White "Hirneise, Tobias"]
[Black "Sieciechowicz, Marcin"]
[Result "1/2-1/2"]
[WhiteElo "2472"]
[BlackElo "2432"]
[Annotator "TA"]
[PlyCount "46"]
[EventDate "2018.11.22"]
[EventType "tourn"]
[EventCountry "POL"]
[SourceTitle "playchess.com"]
[Source "ChessBase"]
[SourceQuality "1"]

{[%evp 16,46,13,12,20,25,33,31,31,17,24,29,16,12,18,15,4,0,28,10,27,0,0,0,0,0,0,0,9,0,0,0,10]} 1. Nf3 d5 2. d4 Nf6 3. c4 c6 4. Nc3 e6 5. e3 Nbd7 6. Qc2 Bd6 7. Bd3 O-O 8. O-O h6 9. b3 Qe7 {D46: Semi-Slav: 5 e3 Nbd7 6 Bd3, Black avoids the Meran} (9... Re8 10. Bb2 Qe7 11. Rae1 dxc4 12. bxc4 e5 13. Nd2 exd4 14. exd4 Qxe1 15. Rxe1 Rxe1+ 16. Bf1 Re8 17. Nde4 Bf8 18. f3 Nxe4 19. fxe4 {½-½ (64) Walsh,H (2580)-Hamarat,T (2624) ICCF email 2010}) 10. Bb2 b6 11. e4 dxe4 {White is slightly better.} 12. Nxe4 Nxe4 13. Bxe4 Bb7 14. Rad1 Nf6 15. Bd3 Rfe8 16. Ne5 $146 ({Predecessor:} 16. Bc3 Rad8 17. Rfe1 Qf8 {½-½ (42) Genga,S (2436)-Szczepanski,Z (2505) ICCF email 2016}) 16... c5 17. dxc5 Bxc5 18. Qe2 (18. Bh7+ $5 Nxh7 19. Rd7 $14) 18... Rad8 {The position is equal.} 19. Bc3 Bb4 20. Bb2 Bc5 21. Bc3 Bb4 22. Bb2 Bc5 23. Bc3 Bb4 {Accuracy: White = 73%, Black = 71%.} 1/2-1/2

[Event "34th Voivoda Cup 2018"]
[Site "Legnica"]
[Date "2018.11.28"]
[Round "9"]
[White "Lewtak, Damian"]
[Black "Teclaf, Pawel"]
[Result "1/2-1/2"]
[WhiteElo "2411"]
[BlackElo "2384"]
[Annotator "TA"]
[PlyCount "63"]
[EventDate "2018.11.22"]
[EventType "tourn"]
[EventCountry "POL"]
[SourceTitle "playchess.com"]
[Source "ChessBase"]
[SourceQuality "1"]

{[%evp 16,63,0,0,29,-13,-18,-3,-10,-54,-43,-89,-61,-70,-8,-28,25,34,39,28,76,54,78,46,112,94,104,96,112,102,152,154,192,135,144,120,130,99,106,93,95,95,163,39,46,24,31,0,0,0]} 1. d4 Nf6 2. Bf4 g6 3. Nc3 d5 (3... c5 4. dxc5 Qa5 5. a3 Qxc5 6. e4 Bg7 7. Nf3 d6 8. h3 O-O 9. Qd2 b6 10. O-O-O Bb7 11. Be3 {1-0 (48) Nabaty,T (2692)-Almasi,Z (2702) Batumi 2018}) 4. e3 c6 5. Be2 Bg7 6. h4 {A45: Trompowsky Attack} h5 7. Nf3 Bg4 8. Ne5 Bxe2 9. Qxe2 {LiveBook: 8 Games} Nfd7 10. Nxd7 $146 (10. Nd3 {keeps more tension.} Na6 11. O-O-O Nc7 12. Kb1 a5 13. a4) ({Predecessor:} 10. O-O-O Nxe5 11. Bxe5 Bxe5 12. dxe5 {½-½ (44) Buksa,N (2385)-Charkhalashvili,I (2355) Riadh 2017}) 10... Nxd7 11. O-O-O b5 12. e4 b4 13. Nb1 Qa5 14. a3 bxa3 (14... O-O $1 $15) 15. Nxa3 $11 dxe4 ({Black should try} 15... O-O) 16. Qxe4 Qa4 17. Rhe1 $40 {[%csl Ge1][%cal Re4e7][%mdl 128] [#] White mounts an attack.} Bf6 18. Bg5 {Hoping for Bxf6.} O-O 19. Bxf6 Nxf6 ({Better is} 19... exf6 $14 20. d5 Qxe4 21. Rxe4 cxd5 22. Rxd5 f5) 20. Qxe7 $16 Nd5 21. Qc5 Qa6 22. b3 Nf4 23. Kb2 Ne6 24. Qc4 ({White should play} 24. Qc3 $18) 24... Qb7 25. g4 hxg4 26. Re4 Rad8 27. Rxg4 {Strongly threatening h5.} Rd5 28. Nb1 c5 (28... Qb5 $16) 29. Nc3 (29. h5 $1 $18) 29... Rxd4 $14 30. Rdxd4 cxd4 31. Nd5 Rd8 $1 {[%cal Rd8d5]} 32. Nf4 {[%mdl 64] Decoy. Accuracy: White = 47%, Black = 33%.} 1/2-1/2

[Event "34th Voivoda Cup 2018"]
[Site "Legnica"]
[Date "2018.11.28"]
[Round "9"]
[White "Murdzia, Piotr"]
[Black "Wieczorek, Oskar"]
[Result "0-1"]
[WhiteElo "2411"]
[BlackElo "2468"]
[Annotator "TA"]
[PlyCount "102"]
[EventDate "2018.11.22"]
[EventType "tourn"]
[EventCountry "POL"]
[SourceTitle "playchess.com"]
[Source "ChessBase"]
[SourceQuality "1"]

{[%evp 19,102,24,29,16,14,9,20,16,26,14,49,48,70,-32,-32,-32,-30,-60,-61,-52,-53,-109,-109,-111,-111,-109,-107,-161,-152,-155,-148,-265,-271,-357,-343,-367,-81,-81,-81,-262,-265,-266,-265,-684,-689,-682,-665,-693,-693,-675,-674,-682,-679,-660,-616,-998,-1002,-1120,-1110,-4134,-5193,-29970,-29971,-29969,-29972,-29965,-6219,-29975,-29976,-29975,-29977,-29983,-29984,-29984,-29985,-29986,-29987,-29987,-29988,-29988,-29989,-29989,-29990,-29992,-29993]} 1. d4 Nf6 2. c4 g6 3. Nc3 Bg7 4. e4 d6 5. Nf3 {[%cal Bg1f3,Bf3d2,Bd2b3][%mdl 32]} O-O 6. h3 e5 7. d5 a5 8. Bg5 Na6 9. Be2 Nc5 10. Nd2 Bd7 11. Nb3 {E92: King's Indian: Classical: 6 Be2 e5: 7 dxe5, 7 Be3 and Petrosian System without 7...Nbd7} Na4 12. Nxa4 Bxa4 13. Qd3 {The position is equal.} h6 {[#]} 14. Be3 $146 ({Predecessor:} 14. Bh4 c5 15. Nd2 Qc7 16. O-O Bd7 17. Nb1 Nh7 18. Nc3 a4 {½-½ (34) Barnsley,A (2557)-Vaclav,J (2489) ICCF email 2005}) 14... Nd7 15. g4 {[%cal Bg2g4,Bg4g5][%mdl 32]} Qh4 16. Rg1 (16. Nd2 $1 $14 Nc5 17. Qa3) 16... Bxb3 $15 17. Qxb3 b6 18. g5 h5 $36 {[%mdl 2048] Black fights for an advantage.} (18... Qxh3 19. O-O-O) 19. Qc2 Nc5 20. Bxc5 (20. Bf3 $15) 20... bxc5 $17 21. Qd3 f5 22. gxf6 Rxf6 ({Don't do} 22... Qxf6 23. O-O-O $15) 23. Rg2 (23. O-O-O $17) 23... Bh6 $19 24. Kd1 Raf8 25. Kc2 (25. f4 $17 {only move.}) 25... Rxf2 26. Rxf2 Rxf2 (26... Qxf2 27. Rf1 $17) 27. Rf1 a4 $2 ({Less strong is} 27... Rxf1 28. Bxf1 a4 29. Qe2 $19) (27... Rh2 $19 {and Black stays clearly on top. And now ...Bf4 would win.} 28. Qf3 Qf4) 28. Rxf2 $17 Qxf2 29. b3 $2 {[#]} (29. Kb1 $17 {might work better.}) 29... a3 $1 $19 30. b4 Qe1 {( -> ...Qc1+)} 31. bxc5 $2 (31. Bd1) 31... Qc1+ 32. Kb3 Qb2+ 33. Ka4 dxc5 {[%csl Gc5][%cal Rb2b4] [#]} 34. Qxa3 Qxe2 35. Qxc5 Qxa2+ 36. Kb5 Qb3+ 37. Kc6 Bf8 38. Qb5 Qxh3 39. Kxc7 Qa3 40. Qc6 Qa7+ 41. Kc8 Qc5 42. Kb7 Kg7 43. Qxc5 Bxc5 {[%mdl 4096] Endgame KB-K3P. Black mates.} 44. Kc6 Bf8 45. d6 h4 46. c5 h3 47. Kb6 h2 48. d7 Be7 49. c6 h1=Q 50. c7 Qb1+ 51. Ka6 Qd3+ {Accuracy: White = 41%, Black = 79%.} 0-1